000 00564nam a2200181 i 4500
001 57475
003 ES-MaACL
005 20230906163602.0
007 t|
008 031016s1970 sp ||||1| spa d
100 1 _aDrovin, Pierre.
_945668
245 1 3 _aLa Europa del Mercado Común /
_cPierre Drovin ; [traducción, introducción y epílogo de J.M. Muntaner Pascual].
250 _a[1ª ed.].
260 _aBarcelona :
_bAymá,
_c[1970]
300 _a307 p. ;
_c20 cm.
700 0 _aMuntaner Pascual, José Mª.
_984241
852 _aES-MaACL
_jC-39638
_bR.74716
999 _c57475
_d57475